Código de Comercio: edición oficial, aprobada por Decreto N§996, de 31 de agosto de 1993, del Ministerio de Justicia
Salvato in:
| Natura: | Libro |
|---|---|
| Lingua: | spagnolo |
| Pubblicazione: |
Santiago
Jurídica de Chile
1994
|
| Edizione: | 12a. ed |
| Soggetti: | |
| Tags: |
Aggiungi Tag
Nessun Tag, puoi essere il primo ad aggiungerne!!
|
MARC
| LEADER | 00000nam a2200000 a 4500 | ||
|---|---|---|---|
| 001 | UCI8890 | ||
| 003 | CL-VaPUC | ||
| 008 | 081009e19940000CL |||||||||||||||||spa|d | ||
| 082 | 0 | 4 | |a 346.8307 |b COD |2 21 |
| 245 | 1 | 0 | |a Código de Comercio: edición oficial, aprobada por Decreto N§996, de 31 de agosto de 1993, del Ministerio de Justicia |
| 250 | |a 12a. ed | ||
| 300 | |a 985 p | ||
| 942 | |c BK | ||
| 945 | |d 20081009 00:00:00 |a cmena | ||
| 260 | |a Santiago |b Jurídica de Chile |c 1994 | ||
| 500 | |a Apéndice actualizado a abril de 1994 | ||
| 650 | 0 | |a Derecho comercial |9 256340 | |
| 650 | 0 | |a Comercio |9 255341 | |
| 650 | 0 | |a Contratos |9 255153 | |
| 650 | 0 | |a Agentes comerciales |9 391845 | |
| 650 | 7 | |a OPERACIONES MERCANTILES |2 CL-VaPUC |9 532541 | |
| 650 | 0 | |a Quiebra |9 255386 | |
| 650 | 0 | |a Comercio marítimo |9 352895 | |
| 651 | 7 | |a CHILE |2 CL-VaPUC |9 532542 | |
| 583 | |a last modification |c 20081009 00:00:00 |k Rodrigo Vera | ||
| 999 | |c 331640 |d 331638 | ||
| 952 | |0 0 |1 0 |4 0 |6 346_830700000000000_COD_1994 |7 0 |8 A |9 418444 |a BIBDER |b BIBDER |d 2019-11-22 |i 2986477 |o 346.8307 COD 1994 |p 2986477 |r 2023-01-25 |w 2019-11-22 |y BK |k DER | ||